000 00720nam a2200193Ia 4500
008 151119s9999||||xx |||||||||||||| ||und||
082 _a823.91विल्यम्स/सेंडदे
082 _bGKKV32665
100 _aविल्यम्स सेबॅसटियन
245 _aसेंड देम टू हेल
260 _aपुणे
260 _bमेहता पब्लीशिग हाउस
260 _c2013
600 _aविल्यम्स सेबॅसटियन
630 _aसेंड देम टू हेल
700 _aविल्यम्स सेबॅसटियन
730 _aसेंड देम टू हेल
942 _cBOOK
999 _c1084967
_d1084964